000 00259nam a2200097Ia 4500
001 832099
005 20250826172348.0
008 250824s9999 xx 000 0 und d
245 0 _aDOMBİLİ KÖTÜ BİR ŞEY YAPIYOR
_cJUDITH KERR
260 _bHEP KİTAP YAYINLARI
999 _c832099
_d832099